| 000 | 00447nab a2200145Ia 4500 | ||
|---|---|---|---|
| 003 | ES-SlBCS | ||
| 005 | 20210601124306.0 | ||
| 008 | 140529s1977 xxu||||| |||| 00| 0 eng d | ||
| 041 | _aeng | ||
| 100 | 1 |
_aDiamonti, Michael C. _9139261 |
|
| 245 | 0 | 0 |
_aCareer Education and the Processs od Initiation _c Michael C. Diamonti |
| 650 | 0 | 4 |
_aEducación _986687 |
| 773 | 0 |
_tEducational Theory _gvol. 27, nº. 2, 1977, págs. 128-136 _wRev1399 |
|
| 942 | _cAR | ||
| 999 |
_c512419 _d512419 |
||